| 000 | 00611nab a2200193 a 4500 | ||
|---|---|---|---|
| 005 | 20210219160807.0 | ||
| 008 | 991125s1985 mx 000 0 spa u | ||
| 035 | _aUPN01000172791 | ||
| 100 | 1 | _aSantibáñez, Lucrecia | |
| 222 | _aREVISTA MEXICANA DE INVESTIGACION EDUCATIVA | ||
| 245 | _aEntre dicho y hecho : formación y actualización de maestros de secundaria en México | ||
| 300 | _a305-335 | ||
| 362 | 0 | _a2007 Vol. 12, no. 32 (1), ene.-mar. | |
| 653 | 0 | _aEDUCACION SECUNDARIA | |
| 653 | 0 | _aFORMACION DOCENTE | |
| 653 | 0 | _aACTUALIZACION DOCENTE | |
| 653 | 0 | _aCOMPETENCIAS | |
| 905 | _aArticulo | ||
| 999 |
_c144895 _d144895 |
||